000 01345cam a22003253a 4500
001 2733
005 20240111122540.0
020 _a0786846186 (pbk.) :
_c$4.99
040 _aOCO
_cOCO
_dOCLCQ
_dDLC
_beng
050 0 0 _a367
100 1 _aJones, Jasmine
245 1 0 _aHead over heels /
_cadapted by Jasmine Jones ; based on the series created by Terri Minsky. Part one is based on a teleplay written by Melissa Gould. Part two is based on a teleplay written by Douglas Tuber & Tim Maile.
250 _aFirst Edition
260 _aNew York :
_bDisney Press/Volo,
_c2004
300 _a152 pages :
_billustrations ;
_c19 cm
490 1 _aLizzie McGuire ;
_vBook 12
505 _aP
520 _aLizzie's best friend, Miranda, has finally got a crush! Lizzie vows to help Miranda get her guy-until the guy misunderstands and thinks Lizzie is the one who likes him! Plus Lizzie reviews a school play...
521 _a600
_bLexile estimate
521 _aP
_bRaz-Plus
655 7 _aRadio and television novels.
_2gsafd
655 7 _aYoung adult fiction.
_2lcsh
700 1 _aMinsky, Terri.
_eSeries Creator
700 1 _aGould, Melissa.
700 1 _aTelevision Writer
700 1 _aTuber, Douglas.
_eTelevision Writer
700 1 _aMaile, Tim.
_eTelevision Writer
906 _a7
_bcbc
_ccopycat
_d2
_encip
_f20
_gy-genrareb
942 _2ddc
_cBK
_n0
999 _c2733
_d2733